000
00218 a2200097 4500
001
23772
100
_a
Nergaard, L.S
245
_a
Microwave : solid state engineering
260
_a
_b
Nostrand
_c
090
_c
16087
_d
16087
942
_a
NUST-CAE
_c
M
_c
6766
999
_c
258845
_d
258845